[Event "Piacenza Ruscitti Memorial 2nd"]
[Site "Piacenza"]
[Date "2023.11.19"]
[Round "4"]
[White "Florescu, Emanuel"]
[Black "Carlino, Alessandro"]
[Result "1/2-1/2"]
[WhiteElo "1269"]
[BlackElo "1453"]
[PlyCount "133"]
[EventDate "2023.11.18"]
[EventType "swiss"]
[EventRounds "5"]
[EventCountry "ITA"]
[SourceTitle "CB48_2023"]
[SourceDate "2023.11.29"]
[SourceVersion "1"]
[SourceVersionDate "2023.11.29"]
[SourceQuality "1"]

1. c4 c6 2. d4 d5 3. cxd5 cxd5 4. Nf3 Nf6 5. Nc3 Nc6 6. Bf4 Bf5 7. e3 e6 8. Bd3 Bxd3 9. Qxd3 Be7 10. 0-0 0-0 11. Rac1 Rc8 12. h3 Nh5 13. Bh2 f5 14. Ne5 Nf6 15. Nxc6 Rxc6 16. Ne2 Qb6 17. Rxc6 bxc6 18. b3 c5 19. Rc1 Qa5 20. a4 Rc8 21. Qc3 Qxc3 22. Rxc3 Ne4 23. Rc1 c4 24. bxc4 dxc4 25. Be5 c3 26. Rc2 Rc4 27. f3 Nf6 28. Rxc3 Rxa4 29. Rc8+ Kf7 30. Rc7 Nd5 31. Rb7 Ra6 32. e4 fxe4 33. fxe4 Nf6 34. Bxf6 gxf6 35. Nc3 Ra1+ 36. Kh2 Ra6 37. Kg3 Rc6 38. Ne2 a5 39. Ra7 Rc2 40. Nf4 Rc3+ 41. Kh2 Re3 42. d5 e5 43. d6 exf4 44. Rxe7+ Kf8 45. Re6 Kf7 46. d7 Rd3 47. Ra6 Rxd7 48. Rxa5 Rd2 49. Ra3 Re2 50. Ra7+ Kg6 51. Re7 f3 52. Kg1 Rxg2+ 53. Kf1 Rh2 54. e5 fxe5 55. Rxe5 Rxh3 56. Kf2 h5 57. Re3 Kg5 58. Rxf3 Rh2+ 59. Kg3 Ra2 60. Rf8 Ra3+ 61. Rf3 h4+ 62. Kf2 Ra2+ 63. Kg1 Kg4 64. Rf2 Ra3 65. Rg2+ Kh5 66. Kh2 Ra1 67. Rg1 1/2-1/2

[Event "Veneto Province-ch 82nd"]
[Site "Ceregnano"]
[Date "2023.01.29"]
[Round "4.7"]
[White "Bena, Ermanno"]
[Black "Carlino, Alessandro"]
[Result "0-1"]
[WhiteElo "1683"]
[BlackElo "1313"]
[PlyCount "32"]
[EventDate "2023.01.27"]
[EventType "swiss"]
[EventRounds "5"]
[EventCountry "ITA"]
[SourceTitle "EXT 2024"]
[Source "ChessBase"]
[SourceDate "2023.10.10"]
[SourceVersion "1"]
[SourceVersionDate "2023.10.10"]
[SourceQuality "1"]

1. d4 d5 2. c4 c6 3. Nc3 Nf6 4. Nf3 e6 5. c5 b6 6. cxb6 axb6 7. e3 Bd6 8. Bd3 Nbd7 9. Bd2 0-0 10. Qc2 Bb7 11. 0-0 Re8 12. Rfc1 e5 13. e4 exd4 14. Nxd4 Be5 15. Nf3 Bxc3 16. Bxc3 dxe4 0-1

[Event "Veneto Province-ch 82nd"]
[Site "Ceregnano"]
[Date "2023.01.29"]
[Round "5.5"]
[White "Carlino, Alessandro"]
[Black "Ranieri, Guglielmo"]
[Result "1/2-1/2"]
[WhiteElo "1313"]
[BlackElo "1327"]
[PlyCount "109"]
[EventDate "2023.01.27"]
[EventType "swiss"]
[EventRounds "5"]
[EventCountry "ITA"]
[SourceTitle "EXT 2024"]
[Source "ChessBase"]
[SourceDate "2023.10.10"]
[SourceVersion "1"]
[SourceVersionDate "2023.10.10"]
[SourceQuality "1"]

1. e4 e5 2. Nf3 Nc6 3. Bc4 Bc5 4. c3 Nf6 5. d4 exd4 6. e5 d5 7. Bb5 Ne4 8. cxd4 Bb6 9. Nc3 Bg4 10. Be3 0-0 11. h3 Bh5 12. Qc2 Bg6 13. Qb3 Nxc3 14. bxc3 h6 15. Qb2 Na5 16. Qe2 c6 17. Bd3 Bxd3 18. Qxd3 Nc4 19. 0-0 Qe7 20. Nd2 Nxd2 21. Qxd2 Rad8 22. Rab1 Rd7 23. f4 f6 24. Qd3 fxe5 25. fxe5 Rxf1+ 26. Rxf1 Qe6 27. Rf3 Rf7 28. Rg3 Kh8 29. Bf2 g5 30. Rf3 Kg7 31. Rxf7+ Qxf7 32. Qf3 Qxf3 33. gxf3 Kg6 34. Kg2 Kf5 35. Be3 h5 36. Bd2 Bd8 37. Kg3 h4+ 38. Kf2 Be7 39. Ke3 b5 40. Ke2 Bd8 41. Be3 a5 42. Kf2 a4 43. a3 Be7 44. Bc1 Bd8 45. Bd2 Bb6 46. Be3 Bc7 47. Bd2 Bb6 48. Be3 Bd8 49. Ke2 Be7 50. Bc1 Bd8 51. Bd2 Be7 52. Bc1 Bf8 53. Kf2 c5 54. Ke2 cxd4 55. cxd4 1/2-1/2